Manual on the production and use of live food for aquaculture (Record no. 9754)
[ view plain ]
| 000 -LEADER | |
|---|---|
| fixed length control field | 00266nam a22001217a 4500 |
| 040 ## - CATALOGING SOURCE | |
| Transcribing agency | HS |
| 082 ## - DEWEY DECIMAL CLASSIFICATION NUMBER | |
| Classification number | 639 |
| 110 ## - MAIN ENTRY--CORPORATE NAME | |
| Corporate name or jurisdiction name as entry element | FAO |
| 245 ## - TITLE STATEMENT | |
| Title | Manual on the production and use of live food for aquaculture |
| 260 ## - PUBLICATION, DISTRIBUTION, ETC. (IMPRINT) | |
| Place of publication | Belgium |
| Name of publisher | FAO |
| Year of publication | 1996 |
| 300 ## - PHYSICAL DESCRIPTION | |
| Number of Pages | 295p; |
| 942 ## - ADDED ENTRY ELEMENTS (KOHA) | |
| Koha item type | សៀវភៅភាសាអង់គ្លេស |
| 952 ## - LOCATION AND ITEM INFORMATION (KOHA) | |
| Withdrawn status [LOCAL, KOHA] | 0 |
| 952 ## - LOCATION AND ITEM INFORMATION (KOHA) | |
| Withdrawn status [LOCAL, KOHA] | 0 |
| Permanent Location | Date acquired | Koha item type | Lost status | Shelving location | Barcode | Current Location | Full call number |
|---|---|---|---|---|---|---|---|
| Library Block C | 2016-09-08 | សៀវភៅភាសាអង់គ្លេស | C234 | RUA057377 | Library Block C | 639 FAO 1996 C234 | |
| Library Block C | 2016-09-14 | សៀវភៅភាសាអង់គ្លេស | C235 | A02737 | Library Block C | 639 FAO 1996 C235 |